|
|
|
|
| LEADER |
00000ny a22000003n 4500 |
| 005 |
20110617135155.0 |
| 006 |
m u |
| 007 |
cr cn||||||||| |
| 008 |
200807r2007 sp |||||s|||||||||||spa d |
| 020 |
|
|
|a 9788498491135
|
| 035 |
|
|
|a 2438
|
| 040 |
|
|
|a FlNmELB
|c FlNmELB
|d vlex
|
| 050 |
1 |
4 |
|a DT317
|b V181 2007eb
|
| 080 |
|
|
|a 327(460:64)
|
| 090 |
|
|
|c 1399
|d 1399
|
| 100 |
1 |
|
|a Valle Gl̀vez, Alejandro del
|
| 245 |
1 |
0 |
|a Espaą y Marruecos en el centenario de la conferencia de Algeciras
|h [Recurso electrn̤ico]
|c Dirigido por Alejandro del Valle Gl̀vez; Jess︢ Verd ︢Baeza, Coordinado por Juan Domingo Torrejn̤ Rodrg̕uez
|
| 256 |
|
|
|a Servicio en ln̕ea
|
| 260 |
|
|
|a Madrid :
|b Dykinson,
|c 2007
|
| 300 |
|
|
|a 10-378 p
|
| 506 |
1 |
|
|a Contenido solo disponible en los productos indicados
|d vLex Global
|d vLex Global (Academic Edition, excluding Law Schools)
|d vLex Global (U.S. Academic Edition, Law Schools)
|d vLex Global (U.S. Academic Edition, excluding Law Schools)
|d vLex Global (Academic Edition, Law Schools)
|
| 650 |
0 |
7 |
|a Civil
|2 Tesauro vLex
|
| 650 |
0 |
7 |
|a Derecho internacional
|2 Tesauro vLex
|
| 650 |
0 |
7 |
|a Derecho internacional pb︢lico
|2 Tesauro vLex
|
| 700 |
1 |
|
|a Torrejn̤ Rodrg̕uez, Juan Domingo,
|e coor
|
| 700 |
1 |
|
|a Verd ︢Baeza, Jess︢,
|e dir
|
| 740 |
0 |
|
|a vLex Libros (Servicios en ln̕ea)
|
| 856 |
4 |
0 |
|z Acceso restringido
|u http://vlex.com/source/espa-a-marruecos-centenario-conferencia-algeciras-2438
|
| 942 |
|
|
|c BOOK
|